<?xml version="1.0" encoding="UTF-8"?>
<collection xmlns="http://www.loc.gov/MARC21/slim">
  <record>
    <leader>00000nam  2200000   4500</leader>
    <controlfield tag="001">INLIS000000000016754</controlfield>
    <controlfield tag="005">20240129020431</controlfield>
    <datafield tag="035" ind1="#" ind2="#">
      <subfield code="a">0010-0124000071</subfield>
    </datafield>
    <datafield tag="245" ind1="1" ind2="#">
      <subfield code="a">Optimalisasi Pengarsipan Dokumen Dengan Pemanfaatan Aplikasi Dropbox dan Spreadsheet Pada Sekretariat Badan Pengawas Pemilu DKI Jakarta /</subfield>
      <subfield code="c">Luliandistia</subfield>
    </datafield>
    <datafield tag="100" ind1=" " ind2="#">
      <subfield code="a">Luliandistia</subfield>
    </datafield>
    <datafield tag="250" ind1="#" ind2="#">
      <subfield code="a">1</subfield>
    </datafield>
    <datafield tag="300" ind1="#" ind2="#">
      <subfield code="a">42 halaman ;</subfield>
      <subfield code="c">30 cm</subfield>
    </datafield>
    <datafield tag="856" ind1="#" ind2="#">
      <subfield code="a">Perpustakaan LAN Pusat</subfield>
    </datafield>
    <datafield tag="260" ind1="#" ind2="#">
      <subfield code="a">Jakarta :</subfield>
      <subfield code="b">Pusbangkader,</subfield>
      <subfield code="c">2021</subfield>
    </datafield>
    <datafield tag="084" ind1="#" ind2="#">
      <subfield code="a">R 095 LATSAR 2021</subfield>
    </datafield>
    <datafield tag="650" ind1="#" ind2="4">
      <subfield code="a">Pengarsipan</subfield>
    </datafield>
    <datafield tag="520" ind1="#" ind2="#">
      <subfield code="a">Badan Pengawas Pemilu DKI Jakarta merupakan lembaga yang mengawasi kegiatan penyelenggaraan Pemilu diwilayah DKI Jakarta, dimana sesuai visinya yaitu "terwujudnya Bawaslu DKI Jakarta sebagai Lembaga Pengawas Pemilu Terpercaya dalam Penyelenggaraan Pemilu Demokratis, Bermartabat, Unggul dan Berkualitas", melayani masyarakat dalam bentuk melakukan pengawasan baik saat pemilu berlangsung maupun dalam proses penyelenggaraannya. Dalam penyelenggaraan kegiatan pengawasan tak lepas dari peran serta administratif . Kegiatan administratif yang optimal secara internal dapat menjadikan unit kerja berjalan sesuai fungsinya sehingga kegiatan administratif dapat dilakukan dengan efektif dan efisien. Namun, dalam pengarsipan dokumen, khususnya dokumen kepegawaian yang terkait dengan belanja gaji dan tunjangan, dimana dokumen tersebut belum rapo untuk penataan dokumennya.</subfield>
    </datafield>
    <datafield tag="990" ind1="#" ind2="#">
      <subfield code="a">23.11.095</subfield>
    </datafield>
  </record>
</collection>
